[Event "2nd IMSA Basque 2017-Men"]
[Site "Huaian"]
[Date "2017.12.15"]
[Round "5"]
[White "Le, Quang Liem"]
[Black "Mamedyarov, Shakhriyar"]
[Result "0-1"]
[WhiteElo "2737"]
[BlackElo "2799"]
[Annotator "TA"]
[PlyCount "80"]
[EventDate "2017.??.??"]
[EventType "tourn"]
[EventCountry "CHN"]
[SourceTitle "playchess.com"]
[Source "ChessBase"]
[SourceQuality "1"]

{[%evp 16,80,31,2,51,33,29,50,29,18,21,-29,-29,-29,-27,-61,-54,-147,-145,-154,-148,-149,-139,-164,-166,-158,-156,-225,-202,-201,-201,-203,-203,-202,-210,-216,-165,-294,-299,-299,-299,-299,-235,-531,-529,-522,-521,-506,-484,-449,-390,-579,-556,-554,-570,-517,-500,-498,-498,-475,-467,-29994,-29995,-29995,-29996,-29996,-29997]} 1. Nf3 Nf6 2. c4 e6 3. g3 d5 4. Bg2 d4 5. O-O c5 6. b4 {A13: Reti-Eröffnung} (6. e3 Nc6 7. exd4 cxd4 8. d3 Be7 9. b3 O-O 10. Na3 e5 11. Nc2 Nd7 12. a3 a5 13. Rb1 Nc5 14. b4 axb4 15. axb4 Na4 16. Bd2 {0-1 (47) Wei,Y (2739)-Karjakin,S (2760) Medias 2017}) 6... a5 7. bxc5 Bxc5 8. d3 O-O $146 ({Vorgänger:} 8... h6 9. Ba3 Qd6 10. Bxc5 Qxc5 11. Nbd2 a4 12. Rb1 Nc6 13. Rb5 Qe7 {½-½ (74) Batchuluun,T (2521)-Munkhgal,G (2424) Sharjah 2014}) 9. Ba3 {LiveBook: 6 Partien} Na6 10. Qc1 Qd6 11. Bxc5 Nxc5 12. Na3 Bd7 13. Qf4 Qxf4 14. gxf4 Nh5 {[%cal Bf6h5,Bh5f4,Bf4e2][%mdl 32]} 15. Nxd4 Nxf4 {Und ...e5 würde nun gewinnen.} 16. Bf3 (16. Rfe1 $15) 16... e5 $36 {[%mdl 2048] Weiss steht unter starkem Druck.} 17. Nb3 Nxb3 18. axb3 Bc6 19. Bxc6 {Droht stark Lf3.} Nxe2+ (19... bxc6 20. Ra2 $15) 20. Kh1 bxc6 21. Rfe1 (21. Nc2 $17 {war nötig.}) 21... Nf4 22. Rxe5 Nxd3 23. Rf5 Rfb8 {Droht ...a4 und aus.} 24. Nc2 Rxb3 25. Nd4 Rb2 {zielt auf ...c5 ab.} 26. Nxc6 (26. Rfxa5 $142 Rxa5 27. Rxa5 Nxf2+ 28. Kg1) 26... a4 $19 {[%cal Ba5a4,Ba4a3][%mdl 32]} ({Finger weg von} 26... Nxf2+ 27. Kg1 $19) 27. Rb5 g6 ({Bloß nicht} 27... Nxf2+ 28. Kg1 $19) ({Jedoch nicht} 27... Rxf2 {[#]} 28. Rxa4 $1 {[%mdl 512]} Re8 29. Rb8 $19) 28. Kg1 a3 29. Ne7+ $2 (29. Rxb2 Nxb2 30. c5) 29... Kg7 30. Nd5 Ra4 31. Nb6 Ra6 32. Nd5 Re6 33. Rxa3 (33. Ra5 $142 Re4 34. f4) 33... Re1+ 34. Kg2 Rxf2+ 35. Kh3 Rd2 {( -> ...Tg1)} 36. Rbb3 Nf2+ 37. Kg3 Ne4+ 38. Kf3 {[#]} (38. Kf4 $19 g5+ 39. Kf5) 38... Rf2+ {Schwarz setzt Matt.} 39. Kg4 h5+ 40. Kh3 Rh1 {Precision: Weiß = 45%, Schwarz = 78%.} 0-1

[Event "2nd IMSA Basque 2017-Men"]
[Site "Huaian"]
[Date "2017.12.15"]
[Round "5"]
[White "Ivanchuk, Vassily"]
[Black "Artemiev, Vladislav"]
[Result "0-1"]
[WhiteElo "2726"]
[BlackElo "2691"]
[Annotator "TA"]
[PlyCount "58"]
[EventDate "2017.??.??"]
[EventType "tourn"]
[EventCountry "CHN"]
[SourceTitle "playchess.com"]
[Source "ChessBase"]
[SourceQuality "1"]

{[%evp 27,58,11,27,28,15,15,10,20,29,25,22,-7,2,-6,0,-16,-10,-19,-26,-31,-34,-63,-47,-83,-75,-146,-131,-158,-159,-150,-159,-138,-108]} 1. e4 c5 2. Nf3 d6 3. d4 cxd4 4. Nxd4 Nf6 5. Nc3 a6 6. Bc4 e6 7. O-O b5 {[%cal Bb7b5,Bb5b4][%mdl 32]} 8. Bb3 Be7 9. Qf3 Qb6 10. Be3 Qb7 11. Qg3 Nbd7 12. f3 b4 13. Na4 O-O 14. Rfd1 Rb8 {LiveBook: 4 Games. B87: Sicilian Scheveningen/Najdorf: 6 Bc4, with early ...b5} (14... a5 15. c4 bxc3 16. bxc3 Nc5 17. Nxc5 dxc5 18. Ne2 a4 19. Bc4 Qc6 20. e5 Nh5 21. Qg4 Ba6 22. Bxa6 Qxa6 {0-1 (29) Golubev,M (2476)-Vovk,Y (2600) Lvov 2017}) 15. Ne2 Ne5 16. a3 a5 $146 {The position is equal.} ({Predecessor:} 16... bxa3 17. Rxa3 Qc7 18. Ra2 Nc4 19. Bxc4 Qxc4 20. Nac3 Nh5 21. Qh3 Nf6 22. Qg3 Nh5 23. Qh3 Nf6 24. Qg3 {½-½ (24) Cimicki,D (2358)-Huybrecht,F (2187) ICCF email 2006}) 17. axb4 axb4 18. Nb6 Qc7 19. Qf2 Nfd7 20. Ra7 Rb7 21. Nxc8 Rxc8 22. Rxb7 Qxb7 23. Bd4 Nc5 24. Qe3 h6 25. Ba2 Qa6 26. Bb1 (26. Nc1 $142) 26... Nc4 $36 {[%mdl 2048] Black is clearly better. White is under strong pressure.} 27. Qf2 e5 28. b3 Na3 ({But not} 28... exd4 29. bxc4 Na4 30. Rxd4 $17) 29. Be3 Ne6 {Precision: White = 17%, Black = 76%.} 0-1

[Event "2nd IMSA Basque 2017-Men"]
[Site "Huaian"]
[Date "2017.12.15"]
[Round "5"]
[White "Andreikin, Dmitry"]
[Black "Mamedov, Rauf"]
[Result "1/2-1/2"]
[WhiteElo "2712"]
[BlackElo "2709"]
[Annotator "TA"]
[PlyCount "133"]
[EventDate "2017.??.??"]
[EventType "tourn"]
[EventCountry "CHN"]
[SourceTitle "playchess.com"]
[Source "ChessBase"]
[SourceQuality "1"]

{[%evp 23,133,41,44,21,21,12,20,22,16,10,25,0,0,0,0,0,0,0,0,-1,0,-24,0,-1,0,0,18,25,72,63,72,67,229,16,100,0,110,110,110,110,110,110,113,88,102,103,112,97,97,97,97,97,97,97,97,97,97,97,97,97,94,0,97,93,97,78,78,78,78,78,97,53,97,92,97,78,78,81,97,77,80,53,98,0,53,53,97,0,53,0,93,-8,-8,-9,-9,-28,-28,-28,-28,-41,-28,-28,-28,-28,-28,-28,-10,-10,-10,-17,0,-24]} 1. Nf3 c5 2. c4 g6 3. d4 cxd4 4. Nxd4 Nc6 5. e4 Nf6 6. Nc3 d6 7. Be2 Nxd4 8. Qxd4 Bg7 9. Bg5 O-O 10. Qd2 a5 {[%cal Ba7a5,Ba5a4][%mdl 32]} 11. O-O a4 12. Rac1 Be6 {LiveBook: 16 Games} 13. Rfe1 {B36: Sicilian: Maroczy Bind: Gurgenidze System} (13. f4 Qa5 14. Kh1 Rfc8 15. b3 axb3 16. axb3 Kh8 17. Bd3 Bd7 18. Qe2 Bc6 19. Nd5 Re8 20. b4 Qd8 {1-0 (40) Ponomariov,R (2731)-Radjabov,T (2713) Beijing 2013}) 13... Qa5 14. Bf1 Rfc8 15. b3 $146 ({Predecessor:} 15. Nd5 Qxd2 16. Bxd2 Bxd5 17. cxd5 Rxc1 18. Bxc1 Rc8 19. f3 Nd7 20. Bb5 Bd4+ 21. Be3 Rc1 22. Rxc1 Bxe3+ 23. Kf1 Bxc1 {½-½ (23) Borgo,G (2431)-Drabke,L (2432) Switzerland 2009}) 15... axb3 16. axb3 Qb4 17. Nd5 Qxd2 18. Bxd2 Bxd5 $1 19. exd5 Kf8 20. Bc3 $36 {[%mdl 2048] White has some pressure.} Ra3 21. Rb1 Ra2 22. h3 Rca8 23. b4 Rc2 24. Bd4 Nh5 25. Be3 Be5 {[#]} 26. c5 $1 Nf6 27. Red1 Kg7 $2 {[#]} (27... Raa2 $14) 28. Rb3 $2 (28. f4 $1 $18) 28... Raa2 (28... Rc3 $11 {keeps the balance.} 29. Rbb1 dxc5) 29. Bd3 (29. f4 $16 Ba1 30. Rbb1) 29... Nxd5 (29... Rcb2 $1 $11 30. Rxb2 Rxb2) 30. Bxc2 $16 Nxe3 31. Bb1 Nxd1 32. Bxa2 {[%mdl 4096] Endgame KRB-KBN} Nc3 33. Bb1 dxc5 34. bxc5 Bd4 35. Bc2 Ne2+ 36. Kf1 Nf4 37. Rb4 Ne6 38. Bb3 {aiming for Bxe6.} Bxc5 39. Rxb7 Nd4 40. Bc4 Bd6 41. Bd3 Ne6 {Hoping for ...Nc5.} 42. Bc4 (42. Ra7 $16) 42... Nc5 (42... Nd4 $1 $11 {remains equal.}) 43. Rb1 Ne4 {Threatens to win with ...Nd2+.} 44. Rb2 h5 45. Bd3 Nc5 46. Bc2 Ne6 47. Bd1 Nd4 48. Rd2 Ne6 49. Bb3 Nc5 50. Bc2 Nd7 51. Re2 Nf6 52. Bd3 Nd5 53. Bc2 (53. h4 $16) 53... Nf4 ({Black should play} 53... Nf6 $1 $11) 54. Re4 $14 Ne6 55. Re2 Nf4 $1 56. Re4 (56. Re3 {looks sharper.} h4 57. Rb3 f5 58. Rb5 Kf6 59. Rb6) 56... Ne6 $1 57. Rxe6 (57. Ra4 $16) 57... fxe6 $16 {KB-KB} 58. Be4 h4 59. f3 g5 60. Bd3 Kf6 61. Be4 Bg3 62. Ke2 Ke5 63. Kf1 Kd4 64. Ke2 e5 65. Bg6 {The position is equal.} Bf4 66. Be4 Bg3 67. Bg6 {Precision: White = 52%, Black = 47%.} 1/2-1/2

[Event "2nd IMSA Basque 2017-Men"]
[Site "Huaian"]
[Date "2017.12.15"]
[Round "5"]
[White "Mamedov, Rauf"]
[Black "Andreikin, Dmitry"]
[Result "0-1"]
[WhiteElo "2709"]
[BlackElo "2712"]
[Annotator "TA"]
[PlyCount "128"]
[EventDate "2017.??.??"]
[EventType "tourn"]
[EventCountry "CHN"]
[SourceTitle "playchess.com"]
[Source "ChessBase"]
[SourceQuality "1"]

{[%evp 14,128,33,31,37,-9,-9,-9,-3,0,0,0,0,0,0,0,0,-20,-13,-17,0,-12,0,0,0,-6,-7,-16,-17,-20,0,-20,0,0,0,0,0,0,0,0,3,-16,0,0,0,0,0,0,0,0,0,0,0,-29,0,0,0,0,14,0,0,0,0,-14,-7,-13,0,0,0,0,0,-14,0,-12,0,-17,-25,-48,-41,-47,-26,-29,-22,-21,-22,-33,45,-8,0,-102,-113,-401,-63,-96,-42,-141,-13,-146,-35,-78,-79,-29973,-29970,-29974,-29976,-29970,-29971,-29985,-29975,-29967,-29960,-29989,-29990,-29990,-29991,-29997,-29998]} 1. e4 c5 2. Nf3 e6 3. d4 cxd4 4. Nxd4 Nc6 5. Nc3 a6 6. Be3 Nf6 7. Qf3 {B46: Sicilian: Taimanov: 5 Nc3 a6} Qc7 8. O-O-O {LiveBook: 206 Games} Rb8 9. Qg3 $146 {White is slightly better.} ({Predecessor:} 9. Be2 d6 10. Qg3 Nxd4 11. Bxd4 e5 12. Ba7 Ra8 13. Be3 b5 14. f4 Bb7 15. fxe5 Nxe4 16. Nxe4 Bxe4 {1-0 (42) Nepomniachtchi,I (2767)-Adhiban,B (2666) Doha 2016}) 9... Qxg3 10. hxg3 Ng4 $1 11. Nxc6 bxc6 12. Ba7 Rb7 13. Be2 Rxa7 14. Bxg4 d6 15. Na4 Rb7 16. c4 g6 17. b3 c5 18. f4 Bd7 {Threatens to win with ...Bxa4.} 19. Nc3 Bg7 20. Kc2 Ke7 21. Bf3 Rc7 22. Ne2 h6 23. Rd3 Rb8 24. Rhd1 Rb6 25. g4 Be8 26. Nc3 Rc8 27. Re1 g5 28. g3 Bd4 29. Rh1 Bg7 30. Re1 Rcb8 31. e5 dxe5 32. fxe5 a5 33. Nb5 Rd8 34. Rxd8 Kxd8 35. a4 Ke7 36. Nc3 Rb8 37. Nb5 Bd7 38. Nc3 Rd8 39. Bg2 Bc8 40. Nb5 Rh8 41. Bf3 Bd7 42. Nc3 Rd8 43. Nb5 Be8 44. Nd6 Bxe5 $1 45. Nb7 Bxg3 46. Rg1 $1 Bf2 47. Rf1 Bd4 48. Nxd8 Kxd8 $11 {[%mdl 4096] Endgame KRB-KB} 49. Kd3 f5 (49... Bd7 $15) 50. Re1 (50. gxf5 $1 $14 exf5 51. Kd2) 50... Bd7 51. b4 (51. Rh1 $11) 51... e5 $1 $17 {[%cal Re5e4]} 52. gxf5 $2 {[%mdl 8192]} (52. bxa5 $17 {was called for.} e4+ 53. Bxe4 fxe4+ 54. Kxe4) 52... cxb4 $2 ({Black should try} 52... Bxf5+ $19 53. Be4 Bxe4+ 54. Kxe4 cxb4) 53. f6 {[#]} g4 (53... b3 $1 $17 {And now ...g4 would win.} 54. Be4 Be8) 54. Be4 ({White should play} 54. Bd5 $15) 54... g3 ({Of course not} 54... Bxa4 $6 55. Rh1 $11) (54... Be8 $17 {aiming for ...b3.} 55. Rh1 h5) 55. Rf1 (55. c5 $1 $11 {keeps the balance.}) 55... Bf2 (55... Ke8 $17 {Strongly threatening ...Bh3.} 56. Rh1 b3) 56. Rh1 {[#]} Bf5 $1 (56... Bxa4 57. Rxh6 Ke8 58. Bd5 $18) 57. Rxh6 $2 {[%mdl 8192]} (57. Bxf5 $17 g2 58. Rd1) 57... g2 $1 {[%cal Rg2g1] Black mates.} 58. Rh8+ Kc7 59. Bxf5 g1=Q 60. f7 Bc5 61. Rc8+ Kb7 62. f8=Q Qe3+ 63. Kc2 b3+ 64. Kb2 Bd4+ {Precision: White = 40%, Black = 39%.} 0-1

[Event "2nd IMSA Basque 2017-Men"]
[Site "Huaian"]
[Date "2017.12.15"]
[Round "5"]
[White "Wang, Hao"]
[Black "Grischuk, Alexander"]
[Result "1/2-1/2"]
[WhiteElo "2709"]
[BlackElo "2772"]
[Annotator "TA"]
[PlyCount "308"]
[EventDate "2017.??.??"]
[EventType "tourn"]
[EventCountry "CHN"]
[SourceTitle "playchess.com"]
[Source "ChessBase"]
[SourceQuality "1"]

{[%evp 27,308,4,21,20,18,15,16,18,22,20,0,19,13,16,27,12,16,22,21,30,13,-31,-37,-35,-36,-35,-37,-44,-37,-28,-37,-48,-9,-16,262,259,245,251,289,282,291,254,295,207,206,67,102,61,83,62,203,203,149,65,68,19,34,8,8,8,8,8,8,8,8,8,8,8,8,8,108,0,8,8,8,8,8,8,8,8,8,8,658,607,803,39,42,8,8,0,0,0,0,0,0,0,0,0,0,0,0,0,0,0,0,0,0,0,0,0,0,0,0,0,0,0,0,0,0,0,0,0,0,0,0,0,0,0,0,0,0,0,0,0,0,0,0,0,0,0,0,0,0,0,0,0,0,0,0,0,0,0,0,0,0,0,0,0,0,0,0,0,0,0,0,0,0,0,0,0,0,0,0,0,0,0,0,0,0,0,0,0,0,0,0,0,0,0,0,0,0,0,0,0,0,0,0,0,0,0,0,0,0,0,0,0,0,0,0,0,0,0,0,0,0,0,0,0,0,0,0,0,0,0,0,0,0,0,8,8,8,8,8,8,8,8,8,8,8,0,8,0,8,8,8,8,8,8,8,8,8,8,8,0,8,8,8,0,0,0,8,0,8,0,8,8,8,0,8,0,8,8,8,8,8,8,8,8,8,8,8,0,8]} 1. e4 e5 2. Nf3 Nc6 3. Bb5 a6 4. Ba4 Nf6 5. O-O Be7 6. Re1 b5 7. Bb3 d6 8. c3 O-O 9. h3 Bb7 10. d4 Re8 11. Nbd2 {[%cal Bb1d2,Bd2f1,Bf1g3][%mdl 32]} Bf8 12. d5 Nb8 {[%cal Bc6b8,Bb8d7,Bd7c5][%mdl 32]} 13. Nf1 Nbd7 14. Ng3 Nc5 15. Bc2 {C92: Closed Ruy Lopez: 9...Be6, Karpov and Flohr-Zaitsev Variations} c6 {[%cal Rc6d5]} 16. b4 Ncd7 {[%cal Rc6d5]} 17. dxc6 Bxc6 18. Bb3 h6 19. Nh4 a5 20. a3 Nb6 (20... a4 21. Ba2 Nb6 22. Ng6 d5 23. Nxf8 Kxf8 {0-1 (48) Kosteniuk,A (2542)-Matlakov,M (2684) Doha 2015}) 21. Ng6 axb4 22. cxb4 d5 $1 23. Nxf8 Kxf8 24. Bxh6 $146 ({Predecessor:} 24. exd5 Bxd5 {1-0 (44) Kazantsev,R (2301)-Semenov,V (2246) ICCF email 2009}) 24... gxh6 25. Qc1 Re6 $1 26. Qxh6+ Kg8 {[%cal Rf6e4]} 27. Qg5+ Kh8 $1 28. exd5 Bxd5 29. Bxd5 Nbxd5 (29... Nfxd5 {seems wilder.} 30. Rxe5 Qxg5 31. Rxg5 f6 32. Rh5+ Kg8) 30. Rxe5 Qg8 $2 {[%mdl 8192]} (30... Rxe5 $11 {and Black stays safe.} 31. Qxe5 Qc7) 31. Rxd5 $18 Nxd5 32. Qxd5 Rae8 33. Qxb5 Qg7 34. Rf1 Re1 35. Kh2 Qe5 36. Qxe5+ (36. Qc4 $18 {Strongly threatening f4.} Rxf1 37. Qxf1) 36... R8xe5 $14 37. Rxe1 Rxe1 $18 {[%mdl 4096] Endgame [#] KR-KN} 38. Nf5 $1 f6 ({Better is} 38... Ra1 $14) 39. Nd6 Rd1 40. Nb5 (40. Ne4 $16) 40... Kg7 $14 41. Kg3 Rd5 42. Nc7 Rd3+ 43. Kf4 {With the idea h4.} Rxa3 44. f3 {Threatening g4.} Kf7 45. Ke4 {Black should prevent g4.} Rc3 46. Nd5 Rc2 $1 47. g4 Rh2 48. Nf4 Rb2 (48... Rh1 $11) 49. Nd5 (49. Nd3 $16 Re2+ 50. Kd4) 49... Rh2 $11 50. b5 {[%cal Bb4b5,Bb5b6][%mdl 32]} Rxh3 51. b6 Rh1 52. Nc3 Ke6 53. Kd4 {[#] Threatens to win with b7.} Kd6 54. Ne4+ Kc6 $2 {[%mdl 8192]} (54... Ke6 $11) 55. Nxf6 $18 Kxb6 56. Ke5 $2 (56. g5 $18 Rg1 57. Ng4) 56... Kc7 $14 57. g5 {[%cal Bg4g5,Bg5g6][%mdl 32] And now g6 would win.} Kd8 {The position is equal.} 58. g6 Rg1 59. Kf5 Ke7 60. Nh7 Rg2 61. f4 (61. Ng5 $5 {[%cal Rg6g7]} Rf2 62. g7 Rxf3+ 63. Kg6 (63. Nxf3 Kf7 $11) 63... Rf6+ 64. Kh5 $11) 61... Rg1 62. Ng5 Kf8 $1 63. Kf6 Ra1 64. f5 Kg8 65. Nh7 Ra6+ 66. Kg5 Ra5 67. Nf6+ Kg7 68. Nh5+ Kg8 69. Ng3 Kg7 70. Nh5+ Kg8 71. Nf4 Kg7 72. Ne6+ Kg8 73. Kf6 Ra6 74. Kg5 Ra5 75. Nd8 Kg7 76. Nc6 Rc5 77. Nd4 Ra5 78. Ne6+ Kg8 79. Kg4 {f6 is the strong threat.} Ra4+ 80. Nf4 Kg7 81. Kg5 Ra5 82. Nh5+ Kg8 83. Nf6+ Kg7 84. Ne8+ Kg8 85. Nc7 Kg7 86. Ne6+ Kg8 87. Kf6 Ra6 88. Kg5 Ra5 89. Nc7 Rc5 90. Ne8 (90. Ne6 {with more complications.} Ra5) 90... Ra5 91. Kf6 Ra1 92. Nd6 Rb1 93. Nc8 Rg1 94. Ne7+ Kf8 95. Nc6 (95. g7+ $5 Rxg7 96. Ng6+ Kg8 97. Ke6 $11) 95... Kg8 96. Ne5 Ra1 97. Kg5 Ra5 98. Nc6 (98. Nd7 {feels hotter.} Kg7 99. Nf6 Re5 100. Nd7 Rd5 101. Nf6) 98... Rc5 99. Nd8 Ra5 100. Kf6 Ra6+ 101. Ne6 Ra1 102. Nc7 Rc1 103. Nd5 Rg1 104. Ke7 Re1+ 105. Kf6 Rg1 106. Nc7 Rc1 107. Ne6 Ra1 108. Nc7 Rc1 109. Nd5 Rg1 110. Nb6 Ra1 111. Nc8 (111. Nd7 {seems wilder.} Rg1 112. Ke7 Re1+ 113. Kf6 Rf1 114. Ke6) 111... Rg1 112. Nd6 Ra1 113. Ke5 Re1+ 114. Kf6 Ra1 115. Nb7 Rb1 ({But not} 115... Ra6+ 116. Kg5 $16) 116. Nc5 Rc1 117. Nd3 Ra1 118. Nf4 Ra2 119. Nd5 {Ne7+ would kill now.} Rg2 120. Nf4 (120. g7 {is interesting.} Rxg7 121. Ne7+ Kh7 122. Ke6 Rg3 123. f6) 120... Rg1 121. Nd3 (121. Ne2 {looks sharper.}) 121... Rd1 122. Ne5 Ra1 123. Kg5 Ra5 124. Nf3 Kg7 125. Nd4 Rd5 126. Ne6+ Kg8 127. Kf4 {Hoping for f6.} Rd1 128. f6 Rf1+ 129. Ke5 $1 Rf2 $1 130. Nf4 Rf1 131. Kf5 Kf8 132. Kg5 Rg1+ 133. Kf5 Rf1 134. Ke5 Kg8 135. Nd5 Rg1 136. Ke6 Kf8 137. Nf4 Re1+ $1 138. Kd5 $1 Rf1 139. Ke4 Re1+ 140. Kf5 Rf1 141. Kg4 Rg1+ 142. Kh5 {Black must now prevent Ne6+.} (142. Kh4 $5 {[%cal Rf4e6]} Rh1+ 143. Kg5 Rg1+ 144. Kh5 Rh1+ 145. Kg4 Rg1+ 146. Kh5 Rh1+ 147. Kg5 Rg1+ $16) 142... Rh1+ 143. Kg5 Rg1+ 144. Kf5 {White threatens Ne6+ and mate.} Rf1 145. Ke5 Re1+ 146. Kd6 {Threatening mate with Ne6+.} Rd1+ 147. Ke6 Re1+ 148. Kf5 {aiming for Ne6+.} Rf1 149. f7 $1 Kg7 150. Ke4 Re1+ 151. Kd5 {White wants to mate with Ne6+.} Rf1 152. Ke5 Re1+ 153. Kd6 {Intending Ne6+ and mate.} Rf1 154. Ke5 Re1+ {Precision: White = 60%, Black = 79%.} 1/2-1/2

[Event "2nd IMSA Basque 2017-Men"]
[Site "Huaian"]
[Date "2017.12.15"]
[Round "5"]
[White "Artemiev, Vladislav"]
[Black "Ivanchuk, Vassily"]
[Result "1-0"]
[WhiteElo "2691"]
[BlackElo "2726"]
[Annotator "TA"]
[PlyCount "63"]
[EventDate "2017.??.??"]
[EventType "tourn"]
[EventCountry "CHN"]
[SourceTitle "playchess.com"]
[Source "ChessBase"]
[SourceQuality "1"]

{[%evp 9,63,-22,40,27,25,27,43,45,43,50,42,39,57,51,56,64,85,83,91,78,65,64,75,77,81,46,101,64,55,33,31,20,14,0,15,-64,-68,-70,-81,-91,-63,-89,-67,-64,-64,-96,-63,-63,-63,-64,-65,-74,-52,-104,293,285]} 1. e4 e6 2. g3 d5 3. Bg2 dxe4 4. Bxe4 Nf6 5. Bg2 Bd7 $146 ({Black should try} 5... e5 $11) ({Predecessor:} 5... Bc5 6. Nf3 Nc6 7. O-O O-O 8. d3 e5 9. Nc3 h6 10. Re1 Bf5 11. Be3 Bb4 12. a3 {0-1 (31) Munoz Pantoja,M (2447)-Cornette,M (2573) Montcada 2009}) 6. Nf3 {C00: French: Unusual White 2nd moves} Bc6 7. O-O g6 8. d4 {White is slightly better.} Bg7 9. c4 {[%cal Bc2c4,Bc4d5][%mdl 32]} O-O 10. Nc3 Ne4 11. Re1 Nxc3 12. bxc3 Nd7 13. d5 exd5 14. cxd5 Bb5 15. Bg5 Bf6 16. h4 Nc5 17. Rb1 a6 (17... Bd3 $14) 18. Bxf6 Qxf6 19. Qd4 Qd6 20. Ne5 f6 21. Ng4 b6 22. Re6 ({White should play} 22. h5 $11) 22... Nxe6 $15 23. dxe6 {[#] aiming for e7.} Qxd4 24. cxd4 Rae8 25. d5 Kg7 26. Rc1 Re7 27. f4 {[%cal Bf2f4,Bf4f5][%mdl 32]} Rd8 28. h5 gxh5 29. Ne3 {Threatens to win with Nf5+.} Bd3 30. Rc3 Bb1 31. a4 (31. Ra3 $15) 31... a5 $2 {[%mdl 8192] [#]} (31... Bg6 $17 {stays on course.} 32. Bf3 Kf8) 32. f5 $1 {Precision: White = 59%, Black = 35%.} 1-0

[Event "2nd IMSA Basque 2017-Men"]
[Site "Huaian"]
[Date "2017.12.15"]
[Round "5"]
[White "Korobov, Anton"]
[Black "Ding, Liren"]
[Result "1-0"]
[WhiteElo "2652"]
[BlackElo "2777"]
[Annotator "TA"]
[PlyCount "99"]
[EventDate "2017.??.??"]
[EventType "tourn"]
[EventCountry "CHN"]
[SourceTitle "playchess.com"]
[Source "ChessBase"]
[SourceQuality "1"]

{[%evp 15,99,12,27,22,23,-2,0,0,36,-16,11,13,13,0,16,21,27,0,0,-19,14,7,33,0,99,104,103,94,91,51,60,56,85,83,71,85,78,85,85,85,141,63,86,54,85,22,308,193,191,18,45,0,197,197,199,185,1579,1003,950,1151,1066,857,1814,1785,1563,1608,1590,1568,939,925,29957,29958,29958,29960,29957,29956,29956,6079,29980,29981,29981,29982,29981,29982,29981,29982]} 1. d4 Nf6 2. c4 e6 3. Nc3 Bb4 4. Nf3 O-O 5. Qc2 d5 6. a3 Bxc3+ 7. Qxc3 dxc4 8. Qxc4 b6 9. Bg5 {E36: Nimzo-Indian: Classical: 4...d5 5 a3} Ba6 10. Qc2 (10. Qa4 Qd7 11. Qxd7 Nbxd7 12. Bxf6 gxf6 13. e3 Bb7 14. Be2 c5 15. O-O Rfc8 16. Rac1 Kf8 {½-½ (45) Riazantsev,A (2651)-Ding,L (2774) Palma de Mallorca 2017}) 10... Nbd7 11. e4 {The position is equal.} Qc8 12. O-O-O (12. Bxf6 $14 Nxf6 13. Bxa6 Qxa6 14. O-O-O) 12... Bxf1 13. Rhxf1 c5 14. d5 c4 15. Kb1 $146 ({Predecessor:} 15. Nd4 exd5 16. Nf5 Qc7 17. exd5 {1-0 (29) Papenin,N-Kries,Y (2077) ICCF email 2007}) 15... exd5 16. exd5 Re8 17. d6 Qc6 18. Rd4 b5 (18... Re4 $5 {[%cal Re4d4]}) 19. Rfd1 {Black should prevent Bxf6.} Re6 (19... Rad8 $1 $11) 20. Bxf6 $1 $16 Rxf6 21. Ng5 $1 $36 {[%mdl 2048] White is really pushing.} g6 22. f4 Re8 23. h4 $1 h6 24. Nf3 Rfe6 25. f5 Re2 26. R1d2 Rxd2 27. Qxd2 Kg7 (27... c3 $142 28. Qxc3 Qxc3 29. bxc3 Re3) 28. fxg6 (28. Qc3 $1 $16 Kg8 29. fxg6 fxg6 30. Qd2) 28... fxg6 $14 29. h5 gxh5 30. Nh4 (30. Rf4 $16) 30... Re5 $2 {[%mdl 8192]} (30... Qc5 $11) 31. Qc2 {Strongly threatening Qg6+.} Rg5 32. Qe2 $2 (32. Qc3 $1 $18 Kh7 33. Qe3) 32... Re5 $11 33. Qc2 $2 (33. Qd2 $14) 33... Rg5 $1 $18 34. Qc3 $1 {[%mdl 1024] White has strong compensation.} Kh7 {[#]} 35. Qe3 $1 {Threatens to win with Qe8.} Qc5 $2 (35... Ne5 36. Nf3 Nxf3) 36. Qe7+ Rg7 37. Qe4+ Kh8 {[#]} 38. Nf5 $1 Rf7 39. Qe8+ Rf8 40. Qxd7 {[%csl Gf5][%cal Rd7g7]} Rxf5 {[%mdl 4096] Endgame KQR-KQR} 41. Re4 {White wants to mate with Re8+.} Rf8 42. Re8 {[%cal Re8f8]} Qf2 43. Qe7 Rxe8 44. Qxe8+ {KQ-KQ} Kg7 45. d7 c3 46. Qe5+ (46. Qe7+ $142 Kg6 47. Qd6+ Kg7 48. Qe5+ Kh7 49. Qxc3 Qg1+ 50. Qc1 Qb6 51. Qc8) 46... Kf7 47. Qd5+ {White mates.} Kg7 48. bxc3 Qe1+ 49. Kc2 Qe2+ 50. Qd2 {Precision: White = 67%, Black = 37%.} 1-0